| 000 | 00397 a2200169 4500 | ||
|---|---|---|---|
| 001 | 70485 | ||
| 020 | _a8506042852 | ||
| 040 | _cAnchieta - Itaigara | ||
| 100 | _aMcGinty, Frank | ||
| 240 | 1 | 0 |
_aSucesso! eu vou chegar lá... _lpor |
| 245 | 1 | 0 | _aSucesso! eu vou chegar lá... |
| 300 | _a128 | ||
| 362 | 0 | _a2004 | |
| 440 | 1 | _aMelhoramentos | |
| 650 | 4 | _aLiteratura infanto-juvenil | |
| 942 | _cBK | ||
| 999 |
_c70485 _d70485 |
||